| 000 | 00887nam a22002897a 4500 | ||
|---|---|---|---|
| 003 | CHAP | ||
| 005 | 20220329133326.0 | ||
| 008 | 971013s1991 r 00010 d | ||
| 010 | _a4927 | ||
| 011 | _a5899 | ||
| 035 | _a5115 | ||
| 040 | _cCHAP | ||
| 090 | _aFolleto 13554 | ||
| 111 | 0 | 0 |
_aConsultative Group on International Agricultural Research. _927416 |
| 245 |
_aCGIAR mid-term meeting 1991 _b: summary of proceeding and decisions |
||
| 260 |
_aWashington : _bCGIAR, _c1991 |
||
| 300 | _a22 p. | ||
| 500 | _a55-58 | ||
| 590 |
_aBATCH-UPD _b10 _c20130110 _lUCH01 _h2016 |
||
| 590 |
_aBATCH-UPD _b10 _c20130410 _lUCH01 _h1335 |
||
| 590 |
_aBATCH-UPD _b10 _c20140805 _lUCH01 _h1143 |
||
| 590 |
_aCONVERSION _b10 _c20130109 _lUCH01 _h1304 |
||
| 650 | 1 | 4 |
_aAgricultura _xInvestigación. _91577 |
| 901 | _aBK | ||
| 942 | _cFOLL | ||
| 949 |
_aFolleto 13554 _bBC _cFOLL _d-14682 _eTS1 _i5115 _mD _si |
||
| 999 |
_c4927 _d4927 |
||